[Event "World ol U16"]
[Site "Konya"]
[Date "2018.11.27"]
[Round "4.14"]
[White "Urh, Zala"]
[Black "Cui, Leonardo"]
[Result "0-1"]
[WhiteElo "2066"]
[BlackElo "1569"]
[PlyCount "56"]
[EventDate "2018.11.25"]
[EventType "team-swiss"]
[EventRounds "9"]
[EventCountry "TUR"]
[SourceTitle "CBM 187 Extra"]
[Source "ChessBase"]
[SourceDate "2018.11.04"]
[SourceVersion "1"]
[SourceVersionDate "2018.11.04"]
[SourceQuality "1"]
[WhiteTeam "Slovenia"]
[BlackTeam "Canada"]
[WhiteTeamCountry "SLO"]
[BlackTeamCountry "CAN"]

1. d4 d6 2. Nf3 Nf6 3. c4 Nbd7 4. Nc3 e5 5. e4 Be7 6. Be2 0-0 7. 0-0 c6 8. a3 a6 9. b4 b5 10. Bb2 Bb7 11. Qc2 Qc7 12. Rfd1 Rfd8 13. Rac1 Rac8 14. Qb1 Qb8 15. Rd2 bxc4 16. dxe5 Nxe5 17. Nxe5 dxe5 18. Rxd8+ Bxd8 19. Bxc4 c5 20. Qa2 Qc7 21. Nd5 Qd7 22. Nxf6+ Bxf6 23. bxc5 Bxe4 24. Bxa6 Rb8 25. f3 Qd2 26. Bf1 Rxb2 27. Qc4 Bxf3 28. Qa6 Qf2+ 0-1

[Event "World ol U16"]
[Site "Konya"]
[Date "2018.11.26"]
[Round "2.22"]
[White "Cui, Leonardo"]
[Black "Karibaev, Dimash"]
[Result "0-1"]
[WhiteElo "1569"]
[BlackElo "1460"]
[PlyCount "70"]
[EventDate "2018.11.25"]
[EventType "team-swiss"]
[EventRounds "9"]
[EventCountry "TUR"]
[SourceTitle "CBM 187 Extra"]
[Source "ChessBase"]
[SourceDate "2018.11.04"]
[SourceVersion "1"]
[SourceVersionDate "2018.11.04"]
[SourceQuality "1"]
[WhiteTeam "Canada"]
[BlackTeam "Kazakhstan Karaganda"]
[WhiteTeamCountry "CAN"]
[BlackTeamCountry "KAZ"]

1. d4 e6 2. Nf3 f5 3. Bg5 Nf6 4. Nbd2 Be7 5. c3 d5 6. e3 0-0 7. Bd3 Ne4 8. Bxe7 Qxe7 9. Ne5 Nd7 10. 0-0 Nxe5 11. dxe5 Bd7 12. f3 Ng5 13. Kh1 Nf7 14. e4 Nxe5 15. Bc2 Bb5 16. Re1 fxe4 17. fxe4 Rf2 18. Rg1 Qg5 19. Nf3 Nxf3 20. gxf3 Qh6 21. Rg2 Rf1+ 22. Qxf1 Bxf1 23. Rxf1 Rd8 24. Rd1 Qf6 25. Rf2 d4 26. Rd3 c5 27. Bb3 b5 28. c4 b4 29. Bd1 e5 30. Be2 Qa6 31. a3 Qxc4 32. Rc3 Qxe2 33. Rxe2 dxc3 34. bxc3 bxc3 35. Rc2 Rd1+ 0-1

[Event "Montreal Pere Noel"]
[Site "Montreal"]
[Date "2017.12.30"]
[Round "5.12"]
[White "Chang, Alexander Rz"]
[Black "Cui, Leonardo"]
[Result "0-1"]
[WhiteElo "1953"]
[BlackElo "1830"]
[PlyCount "72"]
[EventDate "2017.12.27"]
[EventType "swiss"]
[EventRounds "5"]
[EventCountry "CAN"]
[SourceTitle "EXT 2022"]
[Source "ChessBase"]
[SourceDate "2021.10.06"]
[SourceVersion "1"]
[SourceVersionDate "2021.10.06"]
[SourceQuality "1"]

1. e4 d6 2. d4 Nf6 3. Bd3 e5 4. Nf3 Nbd7 5. 0-0 Be7 6. d5 h6 7. c4 a5 8. Nc3 Nf8 9. Be3 g5 10. Ne2 Ng6 11. Ng3 Nf4 12. h3 Bd7 13. Qd2 Qc8 14. Rfe1 Rg8 15. c5 g4 16. hxg4 Nxd3 17. Qxd3 Nxg4 18. cxd6 Bxd6 19. Rac1 Qd8 20. Nf5 Bxf5 21. exf5 Kf8 22. Bc5 Kg7 23. Bxd6 cxd6 24. Rc4 Kh8 25. Rec1 Qf6 26. Rc7 Rae8 27. R7c4 b5 28. Re4 Qxf5 29. Qe2 Qh5 30. Qe1 f5 31. Re2 Nf6 32. Nh2 Rxg2+ 33. Kxg2 Rg8+ 34. Kh1 Ng4 35. Qg1 Nxh2 36. Qxh2 Qf3+ 0-1

[Event "Montreal Varennes op"]
[Site "Montreal"]
[Date "2017.10.08"]
[Round "5"]
[White "Marin, Sam"]
[Black "Cui, Leonardo"]
[Result "1-0"]
[WhiteElo "1947"]
[BlackElo "1557"]
[PlyCount "83"]
[EventDate "2017.10.06"]
[EventType "swiss"]
[EventRounds "5"]
[EventCountry "CAN"]
[SourceTitle "CBM 181 Extra"]
[Source "ChessBase"]
[SourceDate "2017.12.12"]
[SourceVersion "1"]
[SourceVersionDate "2017.12.12"]
[SourceQuality "1"]

1. c4 d6 2. d4 e5 3. d5 Nf6 4. Nc3 Nbd7 5. e4 Be7 6. Nf3 h6 7. Be2 Nf8 8. c5 a6 9. 0-0 g5 10. cxd6 Bxd6 11. b4 Ng6 12. Rb1 Nf4 13. Bxf4 gxf4 14. b5 Rg8 15. bxa6 bxa6 16. Nd2 Bh3 17. Bf3 Nh7 18. Kh1 Bd7 19. Nc4 Ng5 20. Bg4 Bxg4 21. Qxg4 h5 22. Qf5 Qd7 23. h4 Qxf5 24. exf5 Nh7 25. Ne4 Rd8 26. f3 Be7 27. Nxe5 Rxd5 28. Rb8+ Bd8 29. Nc6 Kd7 30. Rc1 Re8 31. Nb4 Rxe4 32. fxe4 Rd6 33. Nc6 Bf6 34. e5 Rxc6 35. Rxc6 Kxc6 36. exf6 Nxf6 37. Rf8 Ng4 38. Rxf7 a5 39. Rh7 Nf2+ 40. Kg1 Ne4 41. Re7 Nc3 42. f6 1-0

[Event "Montreal op U2000"]
[Site "Montreal"]
[Date "2016.09.10"]
[Round "2.10"]
[White "Cui, Leonardo"]
[Black "Lalonde, Jean Louis"]
[Result "1/2-1/2"]
[WhiteElo "1642"]
[BlackElo "1824"]
[PlyCount "121"]
[EventDate "2016.09.09"]
[EventType "swiss"]
[EventRounds "5"]
[EventCountry "CAN"]
[SourceTitle "EXT 2022"]
[Source "ChessBase"]
[SourceDate "2021.10.06"]
[SourceVersion "1"]
[SourceVersionDate "2021.10.06"]
[SourceQuality "1"]

1. Nf3 Nf6 2. d4 g6 3. e3 Bg7 4. Bd3 0-0 5. 0-0 b6 6. Nbd2 Bb7 7. b3 d6 8. Bb2 Nbd7 9. Re1 c5 10. Qe2 d5 11. Ne5 Ne4 12. f4 Nxd2 13. Nxd7 Qxd7 14. Qxd2 Rac8 15. Qe2 Rc7 16. Rad1 Qc8 17. c4 e6 18. dxc5 Bxb2 19. cxb6 axb6 20. Qxb2 dxc4 21. bxc4 Rc6 22. Qb3 Qc7 23. Be4 Rc5 24. Bxb7 Qxb7 25. Rd6 b5 26. Rb1 Qc7 27. Rbd1 bxc4 28. Qc3 Qa7 29. Rd8 Rc8 30. Rxf8+ Rxf8 31. Qxc4 Qxe3+ 32. Kf1 Rb8 33. Qd4 Qa3 34. Qd6 Qa7 35. Rc1 Ra8 36. Ra1 Qa4 37. Qd2 h5 38. a3 Qc4+ 39. Kf2 Qc5+ 40. Qe3 Qf5 41. Rc1 e5 42. Qxe5 Qxe5 43. fxe5 Rxa3 44. Re1 Ra6 45. Kg3 Kg7 46. Kf4 Ra4+ 47. Re4 Ra2 48. Kf3 Ra3+ 49. Kf4 Ra2 50. Kf3 Kf8 51. e6 fxe6 52. Rxe6 Kf7 53. Re2 Rxe2 54. Kxe2 Kf6 55. Kf3 Kf5 56. h3 h4 57. g4+ Ke5 58. Ke3 g5 59. Kf3 Kd4 60. Kf2 Ke4 61. Ke2 1/2-1/2

[Event "CAN-ch U14"]
[Site "Windsor"]
[Date "2015.07.09"]
[Round "7.30"]
[White "Cui, Leonardo"]
[Black "Li, Eric M"]
[Result "0-1"]
[WhiteElo "1415"]
[BlackElo "1264"]
[PlyCount "74"]
[EventDate "2015.07.06"]
[EventType "swiss"]
[EventRounds "7"]
[EventCountry "CAN"]
[SourceTitle "EXT 2022"]
[Source "ChessBase"]
[SourceDate "2021.10.06"]
[SourceVersion "1"]
[SourceVersionDate "2021.10.06"]
[SourceQuality "1"]

1. d4 Nf6 2. Nc3 d5 3. Bg5 g6 4. f3 c5 5. dxc5 d4 6. Bxf6 exf6 7. Ne4 f5 8. Nd6+ Bxd6 9. cxd6 Qxd6 10. Qd2 Qb6 11. 0-0-0 Nc6 12. g3 Be6 13. a3 0-0-0 14. Bg2 Kb8 15. Nh3 h6 16. f4 Bd5 17. Bxd5 Rxd5 18. Nf2 Rc8 19. e4 fxe4 20. Nxe4 f5 21. Nf2 Na5 22. Nd3 Nb3+ 23. Kb1 Nxd2+ 24. Rxd2 Re8 25. Rhd1 Rd6 26. Ne5 Qc7 27. Rd3 g5 28. Nf3 Re3 29. fxg5 Rxd3 30. Rxd3 hxg5 31. Nxg5 Qg7 32. h4 Rg6 33. Rxd4 Qxd4 34. c3 Qd1+ 35. Ka2 Rb6 36. Ne6 Qe2 37. Nc5 Qxb2# 0-1